MDQL
is popping MORE tags! Check the
thread
!
Quizzes
Events
Quiz Creation
Community
Videos
Private Events
Remove Ads
Sign In
Join for FREE
Feedback
Dark Mode
Quiz Categories
Sports
Geography
Music
Movies
Television
Just For Fun
Miscellaneous
History
Literature
Language
Science
Gaming
Entertainment
Religion
Holiday
For Kids
Quiz Lab
Recent
Popular Today
Quiz Kudos Today
Editor Picks
Curator Picks
Quizzes by...
Day
Popularity
Type
Ratings
Length
Year
Community
Subscriptions
Recent Discussions
Orange Saloon
Badges
Playlists
Quests
Create
Leaderboards
Showdown
Live 5
Trivia Bingo
Activity
Puzzle Library
Sporcle Events
Private Events
Virtual Trivia
Globe League
Become a Host
Pub Owners
SporcleCon
Opinionation
Our Games
Videos
Blog
Mobile Apps
Partnerships
Remove Ads and Go Orange
Feedback
Sports
Athletes
MLB
NBA
NHL
NFL
Soccer
Sports Teams
WWE
NCAA
Football
Premier League
Basketball
Baseball
Hockey
Golf
Tennis
Cricket
Rugby
Auto Racing
Olympics
World Cup
Sports
Athletes
MLB
NBA
NHL
NFL
Soccer
Sports Teams
WWE
NCAA
Football
Premier League
Basketball
Baseball
Hockey
Golf
Tennis
Cricket
Rugby
Auto Racing
Olympics
World Cup
Random Quiz
Search Sporcle
×
Quiz Lab
Quiz Lab
Sports
Player
Type in answers that appear in a list
Type in answers that appear in a list
Classic
Best Score? Go Orange.
Green Bay Packers who have scored touchdowns since 2000 Stats
Can you name the Green Bay Packers who have scored touchdowns since 2000?
By
everlong016
10m
74 Questions
667 Plays
667 Plays
667 Plays
Comments
Comments
Give Quiz Kudos
Give Quiz Kudos
-
- Ratings
hide this ad
More Info
Replay
Link that replays current quiz
Next Quiz
Link to next quiz in quiz playlist
You Got
0%
They Got
Avg Score
42%
Avg Friend Score
Upgrade to see
Score Distribution
Jump to the score distribution portion of the page
Score
0/74
Timer
10:00
0
Plays Today
Touchdowns
Player
% Correct
61
Donald Driver
96%
18
Aaron Rodgers
95.1%
53
Greg Jennings
94.3%
2
Brett Favre
93.1%
68
Ahman Green
91.9%
28
Jordy Nelson
90.9%
34
James Jones
86.5%
1
M.D. Jennings
85.2%
17
Jermichael Finley
81.6%
29
Ryan Grant
79.8%
12
Randall Cobb
79.5%
10
Charles Woodson
79%
19
John Kuhn
74.8%
3
Clay Matthews III
72%
32
Bubba Franks
70.2%
2
Tramon Williams
68.7%
15
Antonio Freeman
68.2%
2
DuJuan Harris
66%
2
Al Harris
64.9%
2
James Starks
64.5%
2
Tyrone Williams
64.3%
1
B.J. Raji
62.4%
22
Javon Walker
57.4%
9
Brandon Jackson
56.8%
4
Tom Crabtree
55.6%
5
Nick Collins
54.7%
1
Matt Flynn
52.9%
17
Donald Lee
51.6%
1
Charles Lee
49.2%
7
Samkon Gado
46.9%
11
William Henderson
44.1%
4
Dorsey Levens
41.5%
4
Darren Sharper
40.2%
13
Bill Schroeder
38.5%
12
Robert Ferguson
37%
7
Najeh Davenport
36.3%
2
Nick Barnett
35.9%
Touchdowns
Player
% Correct
1
Cedric Benson
34.8%
1
Andrew Quarless
34.6%
2
Mike McKenzie
33.9%
7
Ruvell Martin
31%
9
David Martin
30.7%
1
Desmond Bishop
28.2%
1
Tracy White
27.4%
1
Korey Hall
27.1%
1
Kabeer Gbaja-Biamila
27%
9
Tony Fisher
25.6%
1
Koren Robinson
24.9%
3
Tyrone Davis
24.4%
1
Ryan Taylor
22.5%
2
Terry Glenn
22.3%
2
Corey Bradford
20.4%
6
Antonio Chatman
20.2%
2
Vernand Morency
19.6%
5
DeShawn Wynn
19.5%
4
Spencer Havner
19.5%
4
Will Blackmon
17.5%
1
Charlie Peprah
17.4%
1
Wesley Walls
17.1%
2
Marques Anderson
16.9%
1
Ahmad Carroll
16.9%
2
Allen Rossum
16.3%
5
Noah Herron
15.9%
1
Mike Daniels
14.8%
1
Marquand Manuel
10%
1
Dezman Moses
9.4%
1
Erik Walden
8.5%
1
Aaron Rouse
8.1%
2
Rondell Mealey
7.9%
1
Patrick Dendy
7%
1
Jason Hunter
6.9%
1
Michael Hawthorne
6.3%
1
Marcus Wilkins
5.7%
1
Abdul Hodge
4.5%
Quiz Playlist
Details
Report
Send in Message
Add To Playlist
More Info:
This does NOT include Passing Touchdowns.
Classic:
Type in answers that appear in a list
Quiz Source
Last Updated: Feb 16, 2017
Quiz Scoreboard
CHALLENGE
Sign Up to Join the Scoreboard
Show All
Scores
Hide
Comments
May contain spoilers
Recently Published
Holiday 10x10 Sorting Gallery
by lukepisani3
Holiday
15m
Two Season TV Shows II
by 123Four
Television
10m
Image Sorting: Flags VI
by Barbecue
Geography
2m
More to Explore
Quiz From the Vault
Featured Blog Post
14 Easter Pick-up Lines to Find Eggs With
hide this ad
You Might Also Like...
Tags
2000
Bay
green
Green Bay Packers
Player
Touchdown
Today's Top Quizzes in Sports
Browse Sports
hide this ad
Today's Top Quizzes in Player
Browse Player
Top Contributed Quizzes in Sports
1
Les meilleurs buteurs des matchs entre le PSG et l’OM
2
Les entraîneurs de l'OM et du PSG au 21e siècle
3
2022 World Cup Stars
4
Les joueurs passés par le PSG et l'OM
5
Players with Multiple 50 Home Run Seasons
6
FIFA Club World Cup Champions
7
Top 10 NHL Goal Scorers of All Time
8
Les joueurs passés par le LOSC et le RC Lens
9
Criteria MLB: Left Handed Sluggers
10
2023 MLB Unique Player Accomplishments
Explore More
Trending Topics
Kpop
Crossword
Anime
NBA
Marvel
Disney
Harry Potter
Pokémon
Puzzle
WWE
The Office
Country
NFL
Soccer
Song
hide this ad
More By:
everlong016
Quiz
Plays
Rating
Category
Featured
Created
NFL Season Passing Leaders since 1970
3,546
4.00
Sports
Nov 7, 2009
Green Bay Packers who have scored touchdowns since 2000
667
5.00
Sports
Feb 1, 2013
Favre TD Receivers
312
4.00
Sports
Dec 6, 2009
All Green Bay Packers Starting QBs in Franchise History
88
Sports
Oct 8, 2021
Go to Creator's Profile
Score Distribution
Quiz Creator Spotlight
everlong016
Follow
Send a Message
Quizzes Created
-
Created Quiz Play Count
-
More By This Creator
Popular Quizzes Today
1
Find the US States - No Outlines Minefield
2
Colored Red Africa Blitz
3
Find the 'City' Movie
4
The Countries of the World
5
5x2 Blitz: Bands
6
Find the US States
7
Find the Countries of Europe - No Outlines Minefield
8
US States
More Sports Quizzes
UEFA Champions League Winners - S
Quiz Lab
Trending Quizzes
Colored Red Europe Blitz I
Colored Red Europe Blitz II
Colored Red Africa Blitz II
Colored Red Europe Blitz III
Colored Red Africa Blitz III
Recently Updated
Odd Team Out - Big 4 Players
pecheneg
Quick Pick: 20 Twenties
pecheneg
March Madness Men's Triple Doubles
pecheneg
How Do You Spell That?
pecheneg
Godzilla Movies
pecheneg
Grab Bag: 4-10 Letters
pecheneg
2024 March Madness Bracket
pecheneg
Famous TV Couples
Peacemaker
Champions League XIs: Real Madrid
pecheneg
Largest US Cities 1790-2010
pecheneg
Trending Topics
Kpop
Disney
Crossword
NBA
Marvel
Anime
Harry Potter
The Office
NFL
Soccer
WWE
Country
Puzzle
Pokémon
Song
Your Account Isn't Verified!
In order to create a playlist on Sporcle, you need to verify the email address you used during registration. Go to your
Sporcle Settings
to finish the process.
Report this User
Report this user for behavior that violates our
Community Guidelines
.
Details:
Send Report
Go to the Sporcle.com Mobile Site →
Comments